Vyhodnocovanie experimentálnych údajov

Bibliographic Details
Main Author: Pišútová, Nevenka, 1939- (Author)
Format: Book
Language:Slovak
PhysicalDescription:103 strán tabuľky 29 cm
Published: Bratislava Univerzita Komenského 1985
Edition:2., nezm. vyd.
Series:Vysokoškolské skriptá
Subjects:

MARC

LEADER 00000cam a2200000 a 4500
001 vtls001096199
003 SK-MaSNL
005 20260302020853.0
008 240513s1985 xo a frp 00000 slo
015 |a SNBA1985/12 
035 |a SNK000039041 
040 |a SNK  |b slo  |c SNK  |e AACR2 
041 0 |a slo 
044 |a xo  |c SK 
072 7 |a 37.016  |x Učebné osnovy. Vyučovacie predmety. Učebnice  |2 konspekt 
080 |a 519.2+519.6(075.8)  |2 1981 
080 |a 519.6(075.8)  |2 1981 
080 |a 303.7  |2 2011 
080 |a (075.8)  |2 2011 
100 1 |a Pišútová, Nevenka,  |d 1939-  |4 aut  |9 39956 
245 1 0 |a Vyhodnocovanie experimentálnych údajov  |c Nevenka Pišútová 
250 |a 2., nezm. vyd. 
260 |a Bratislava  |b Univerzita Komenského  |c 1985  |e Bratislava  |f Polygrafické stredisko UK 
300 |a 103 strán  |b tabuľky  |c 29 cm 
366 |e 100 výtl. 
490 1 |a Vysokoškolské skriptá 
650 0 7 |a experimentálne údaje  |2 SNKPH  |9 664425 
650 0 7 |a vyhodnocovanie  |2 SNKPH  |9 384390 
650 0 7 |a analýza dát  |2 SNKPH  |9 82141 
655 7 |a učebnice vysokých škôl  |2 SNKPH  |9 70191 
655 7 |a Textbooks (higher)  |2 SNKPHeng  |9 276436 
830 0 |a Vysokoškolské skriptá  |9 276440 
958 |a OND 
958 |a RM 
958 |a UV 
999 |c 1026658  |d 1028588 
952 |a SNK  |b SNK  |y PREZ  |7 0  |p 17A0811712  |o snkSB 39583  |0 0  |1 0  |4 0  |d 2012-07-09  |f 1  |l 0  |r 2025-04-24 00:00:00  |w 2026-02-24 
952 |t P60, <04>, [BOOK], {604}  |a SNK  |b SNK  |y VYP  |7 0  |p 17A0206050  |o snkSB 39583 D1  |0 0  |1 0  |4 0  |d 1999-08-16  |l 0  |r 2004-12-31 00:00:00  |w 2026-02-24